Organizational behavior /

Gespeichert in:
Bibliographische Detailangaben
1. Verfasser: Shane, Steven L.Mc
Format: Buch
Sprache:English
Veröffentlicht: NY. : MC graw-hill. 2003
Schlagworte:
Tags: Tag hinzufügen
Keine Tags, Fügen Sie den ersten Tag hinzu!
Thư viện lưu trữ: Mạng thư viện Đại học Đà Nẵng
LEADER 00879nam a22002651a 4500
001 000034573
003 10776
005 20221026151526.0
008 151027s2003 000 eng
041 |a eng 
082 |a 658.4  |b SH-S 
100 |a Shane, Steven L.Mc 
245 0 |a Organizational behavior /  |c Steven L.Mc Shane. 
260 |c 2003  |a NY. :  |b MC graw-hill. 
300 |a 690p. : ;  |c 30cm. 
650 |a Organizational,,  |a sosial 
OWN |a LNN 
AVA |a UDN50  |b LNN  |c English  |d 420.30 SH-S  |e available  |t Error 5001 Not defined in file expand_doc_bib_avail.  |f 1  |g 0  |h N  |i 0  |j AN  |k 1 
999 |a From the UDN01 
AVA |a UDN50  |b LNN  |c English  |d 420.30 SH-S  |e available  |t Error 5001 Not defined in file expand_doc_bib_avail.  |f 1  |g 0  |h N  |i 0  |j AN  |k 1 
TYP |a Monograph 
980 |a Mạng thư viện Đại học Đà Nẵng